Jyotirindra Nātha. (Record no. 55709)

MARC details
000 -LEADER
fixed length control field 00623cam a22002291 4500
001 - CONTROL NUMBER
control field sa 63004538
003 - CONTROL NUMBER IDENTIFIER
control field DLC
005 - DATE AND TIME OF LATEST TRANSACTION
control field 20260227111949.0
008 - FIXED-LENGTH DATA ELEMENTS--GENERAL INFORMATION
fixed length control field 890619s1963 ii ch 000 0 beno
010 ## - LIBRARY OF CONGRESS CONTROL NUMBER
LC control number sa 63004538
035 ## - SYSTEM CONTROL NUMBER
System control number (OCoLC)19890617
040 ## - CATALOGING SOURCE
Original cataloging agency DLC
Transcribing agency WaU
Modifying agency DLC
042 ## - AUTHENTICATION CODE
Authentication code premarc
050 00 - LIBRARY OF CONGRESS CALL NUMBER
Classification number CT1508.T3
Item number R3
100 1# - MAIN ENTRY--PERSONAL NAME
Personal name Ray, Sushil,
Dates associated with a name 1915-
245 10 - TITLE STATEMENT
Title Jyotirindra Nātha.
260 ## - PUBLICATION, DISTRIBUTION, ETC.
Date of publication, distribution, etc. [1963]
300 ## - PHYSICAL DESCRIPTION
Extent 6, 286 p.
Other physical details ports., facsim.
Dimensions 23 cm.
500 ## - GENERAL NOTE
General note In Bengali.
500 ## - GENERAL NOTE
General note Based on the author's thesis, Calcutta University.
600 10 - SUBJECT ADDED ENTRY--PERSONAL NAME
Personal name Ṭhākura, Jyotirindranātha,
Dates associated with a name 1849-1925.

No items available.

Powered by Koha